QUEST Central Library Banner

Fundamentals of Momentum, Heat and Mass Transfer / (Record no. 68846)

MARC details
000 -LEADER
fixed length control field 00732cam a2200253 i 4500
003 - CONTROL NUMBER IDENTIFIER
control field PK-NaQUE
005 - DATE AND TIME OF LATEST TRANSACTION
control field 20250623131054.0
008 - FIXED-LENGTH DATA ELEMENTS--GENERAL INFORMATION
fixed length control field 250623b ||||| |||| 00| 0 eng d
020 ## - INTERNATIONAL STANDARD BOOK NUMBER
International Standard Book Number 9780470504819 (hardback)
040 ## - CATALOGING SOURCE
Transcribing agency QUEST
082 00 - DEWEY DECIMAL CLASSIFICATION NUMBER
Classification number 621.4022WEL
100 1# - MAIN ENTRY--PERSONAL NAME
Personal name Welty, James R.,
245 10 - TITLE STATEMENT
Title Fundamentals of Momentum, Heat and Mass Transfer /
250 ## - EDITION STATEMENT
Edition statement 6th edition.
260 ## - PUBLICATION, DISTRIBUTION, ETC. (IMPRINT)
Place of publication, distribution, etc New Jersey:
Name of publisher, distributor, etc Wiley,
Date of publication, distribution, etc 2015
300 ## - PHYSICAL DESCRIPTION
Extent x, 658 pages :
Other physical details illustrations ;
650 #0 - SUBJECT ADDED ENTRY--TOPICAL TERM
Topical term or geographic name as entry element Fluid mechanics.
650 #0 - SUBJECT ADDED ENTRY--TOPICAL TERM
Topical term or geographic name as entry element Heat--Transfer.
650 #0 - SUBJECT ADDED ENTRY--TOPICAL TERM
Topical term or geographic name as entry element Mass transfer.
700 ## - ADDED ENTRY--PERSONAL NAME
Personal name Rorrer, Gregory L.
700 ## - ADDED ENTRY--PERSONAL NAME
Personal name Foster, David G.
856 ## - ELECTRONIC LOCATION AND ACCESS
Uniform Resource Identifier <a href="http://10.10.170.122:8080/browse/book/27629">http://10.10.170.122:8080/browse/book/27629</a>
Link text Download eBook
942 ## - ADDED ENTRY ELEMENTS (KOHA)
Koha item type Books
Source of classification or shelving scheme Dewey Decimal Classification
Holdings
Withdrawn status Lost status Damaged status Not for loan Home library Current library Date acquired Cost, normal purchase price Total Checkouts Full call number Barcode Date last seen Price effective from Koha item type
        Central Library, QUEST, Nawabshah Central Library, QUEST, Nawabshah 26/05/2025 18859.00   621.4022WEL 58789 26/05/2025 26/05/2025 Books

Copyright © 2018,The QUEST, Nawabshah, Shaheed Benazirabad. All rights reserved
Mr. G. Farooq Channar (Librarian) QUEST, Nawabshah, Sindh, Pakistan 67480.
 Ph#: |   0244-9370381-4 Ext. 2308   Email| lib@quest.edu.pk   Web|  http://www.quest.edu.pk